Moss protonema differentiation (Record no. 43027)

MARC details
000 -LEADER
fixed length control field 00869nam a2200313Ia 4500
003 - CONTROL NUMBER IDENTIFIER
control field OSt
005 - DATE AND TIME OF LATEST TRANSACTION
control field 20220912150242.0
008 - FIXED-LENGTH DATA ELEMENTS--GENERAL INFORMATION
fixed length control field 220909b |||||||| |||| 00| 0 eng d
020 ## - INTERNATIONAL STANDARD BOOK NUMBER
International Standard Book Number 0863801579 (hbd)
037 ## - SOURCE OF ACQUISITION
Terms of availability Textual
040 ## - CATALOGING SOURCE
Original cataloging agency CSL
Language of cataloging eng
Transcribing agency CSL
041 ## - LANGUAGE CODE
Language code of text/sound track or separate title eng
100 ## - MAIN ENTRY--PERSONAL NAME
Personal name Bhatla Satish C
245 #0 - TITLE STATEMENT
Title Moss protonema differentiation
260 ## - PUBLICATION, DISTRIBUTION, ETC.
Place of publication, distribution, etc. Taunton,Somerset Research Studies Press Ltd
Date of publication, distribution, etc. 1994
300 ## - PHYSICAL DESCRIPTION
Extent xviii,296p
490 ## - SERIES STATEMENT
Series statement Research studies in botany and related applied fields
500 ## - GENERAL NOTE
General note Bibliographical references 255-291p; Index 292-296p.
-- cm.
650 ## - SUBJECT ADDED ENTRY--TOPICAL TERM
Topical term or geographic name entry element Bryophyta
650 ## - SUBJECT ADDED ENTRY--TOPICAL TERM
Topical term or geographic name entry element Moss
650 ## - SUBJECT ADDED ENTRY--TOPICAL TERM
Topical term or geographic name entry element Musci
650 ## - SUBJECT ADDED ENTRY--TOPICAL TERM
Topical term or geographic name entry element Botany
942 ## - ADDED ENTRY ELEMENTS (KOHA)
Classification part I32, N4 TI
Koha item type Textual
Source of classification or shelving scheme Colon Classification (CC)
Holdings
Withdrawn status Lost status Damaged status Not for loan Home library Current library Date acquired Total Checkouts Full call number Barcode Date last seen Price effective from Koha item type
        Central Science Library Central Science Library 2022-09-12   I32 N4 TI SL0858536 2022-09-12 2022-09-12 Textual
Copyright @ Delhi University Library System